000 00557nam a22001817a 4500
003 KOHA_MİRAKIL
005 20260415071735.0
008 260415b tu ||||| |||| 00| 0 tur d
040 _aTR-AnABB
_btur
_cTR-AnABB
041 _atur
082 _a338.9561
_bBOL 1994
245 0 0 _aBölge dayanışma birliği :
_b1. toplantı /
_cBölge Dayanışma Birliği Karar Kurulu
260 _aİskenderun :
_b[yayl.y.],
_c1994
300 _a[30 sayfa] ;
_c18 cm
650 0 4 _aBölgesel işbirliği
650 0 4 _aEkonomik politika
942 _2ddc
_cBK
999 _c10242
_d10242
900 _bCan ÇELIK